000 00313 a2200109 4500
001 ART_25817
005 20260410161602.0
008 260409a
245 1 0 _aTítulos de deuda y capital
100 1 _aBresciani, Anita
773 0 _tProfesional & Empresaria
_g- Año VI, Nº 73 (oct. 2005)
_wREV70
999 _c9777
_d9777